On My Mind - Ellie Goulding - All Lyrics - Statistics

General Stats
  • This quiz has been taken 28 times
  • The average score is 460 of 522
Answer Stats
Answer % Correct
(Ah,
100%
ah,
100%
(Ah-ah)
100%
ah-ah)
100%
Eh
100%
I
100%
know
100%
know,
100%
mind
100%
my
100%
Oh
100%
Oh,
100%
oh,
100%
oh
100%
(Oh)
100%
on
100%
so
100%
So
100%
Why
100%
why
100%
you
100%
You
100%
you,
100%
a
95%
love
95%
love,
95%
me
95%
me,
95%
somebody
95%
the
95%
think
95%
and
90%
And
90%
but
90%
But
90%
got
90%
it
90%
it,
90%
It's
90%
don't
86%
no,
86%
we
86%
could
81%
hear,
81%
hear
81%
in
81%
that
81%
were
81%
your
81%
heart,
76%
heart
76%
like
76%
not
76%
now
76%
really
76%
say
76%
to
76%
was
76%
what
76%
with
76%
down,
71%
down
71%
I'm
71%
just
71%
shame
71%
(Shame),
71%
thing
71%
Thought
71%
understand
71%
Understand
71%
'Cause
67%
could've
67%
have
67%
how
67%
mess
67%
of
67%
said
67%
truth
67%
bein'
62%
even
62%
I'll
62%
liked
62%
shouldn't
62%
that's
62%
Wait
62%
didn't
57%
get
57%
keep
57%
little
57%
make
57%
started
57%
still
57%
whole
57%
both
52%
'bout
52%
dangerous
52%
mad
52%
Sayin'
52%
talkin'
52%
Talkin'
52%
them
52%
wanted
52%
alone
48%
always
48%
bet,
48%
bet
48%
girl,
48%
girl
48%
cute
43%
fear,
43%
fear
43%
good
43%
hurt
43%
intended
43%
jealous
43%
name
43%
thinkin'
43%
yourself
43%
Next
38%
tattoos
38%
hotel
33%
Poured
33%
poured
33%
deep
29%
blurry
24%
zone
24%
No matching quizzes found
Score Distribution
Percent of People with Each Score
Percentile by Number Answered
Your Score History
You have not taken this quiz